The media in your life : an introduction to mass communication /
Bewaard in:
| Hoofdauteur: | |
|---|---|
| Andere auteurs: | |
| Formaat: | Boek |
| Taal: | Engels |
| Gepubliceerd in: |
Boston :
Allyn and Bacon,
c1998.
|
| Onderwerpen: | |
| Tags: |
Geen labels, Wees de eerste die dit record labelt!
|
MARC
| LEADER | 00000cam a22000002a 4500 | ||
|---|---|---|---|
| 001 | 0000011469 | ||
| 003 | DAYSTAR | ||
| 005 | 20180123020003.0 | ||
| 008 | 030703s1998 mau 001 0 eng d | ||
| 020 | |a 54,992 | ||
| 040 | |a Daystar | ||
| 040 | |d Zmuyera | ||
| 050 | 0 | 0 | |a P90 |b .F628 |
| 100 | 1 | |a Folkerts, Jean. | |
| 245 | 1 | 4 | |a The media in your life : |b an introduction to mass communication / |c Jean Folkerts. |
| 260 | |a Boston : |b Allyn and Bacon, |c c1998. | ||
| 300 | |a xxxii, 558 p. | ||
| 650 | 0 | |a Mass media. | |
| 700 | 1 | |a Lacy, Stephen. | |
| 908 | |a 060412 | ||
| 942 | |c G |0 1 | ||
| 952 | |0 0 |1 0 |4 0 |6 P_90_000000000000000_F628 |7 0 |9 6008 |a DUA |b DUA |c GC |d 2017-09-28 |l 1 |o P90.F628 |p BK035000 |r 2018-02-01 00:00:00 |s 2018-01-22 |w 2017-09-28 |y G | ||
| 952 | |0 0 |1 0 |4 0 |6 P_90_000000000000000_F628 |7 0 |9 6009 |a DUN |b DUN |c GC |d 2017-09-28 |l 0 |o P90.F628 |p BK043659 |r 2017-09-28 00:00:00 |w 2017-09-28 |y G | ||
| 995 | |a Daystar | ||
| 999 | |c 3914 |d 3914 | ||